Big Bang Theory Apartment Residents Quiz Stats

 Plays Quiz Updated Apr 22, 2018

Also try: Soft Kitty
Challenge
Share
Tweet
Embed
Score 0/15 Timer 03:00
1 Play Today
Apt. # Resident(s) % Correct
5BUnknown
100%
4ADr. Sheldon Cooper
94%
4BDr. Sheldon Cooper
93.9%
4BPenny
93.5%
4APenny
93.3%
4ADr. Leonard Hofstadter
88.6%
4ADr. Rajesh Koothrappali
69.8%
4BDr. Amy Farah Fowler
69%
Apt. # Resident(s) % Correct
2BMrs. Petrescu
18.5%
5AAlicia
6.7%
3AMrs. Gunderson
5%
3BMrs. Vartabedian
5%
2AMrs. Grossinger
4.2%
5BWendell
1.9%
5AMarcus
1.9%

You're not logged in!

Compare scores with friends on all Sporcle quizzes.
OR
Log In

You Might Also Like...

Show Comments

Extras

Top Quizzes Today


Score Distribution

Your Account Isn't Verified!

In order to create a playlist on Sporcle, you need to verify the email address you used during registration. Go to your Sporcle Settings to finish the process.

Report this User

Report this user for behavior that violates our Community Guidelines.

Details: